000
00315nam a2200133Ia 4500
008
230917s9999||||xx |||||||||||||| ||und||
040
_e
52042
_a
MAIN
041
_a
English
082
_a
B E47E
245
0
_a
Eminent mussalmans
260
_a
Delhi
_b
Neeraj Publishing House
_c
1981
300
_a
544 p.
942
_c
BK
999
_c
222188
_d
222188